<?xml version="1.0" encoding="UTF-8"?>
<record
    xmlns:xsi="http://www.w3.org/2001/XMLSchema-instance"
    xsi:schemaLocation="http://www.loc.gov/MARC21/slim http://www.loc.gov/standards/marcxml/schema/MARC21slim.xsd"
    xmlns="http://www.loc.gov/MARC21/slim">

  <leader>02741    a2200229   4500</leader>
  <controlfield tag="001">53116</controlfield>
  <controlfield tag="005">20260407155805.0</controlfield>
  <controlfield tag="008">260407a1991    arg                 spa d</controlfield>
  <controlfield tag="003">AR-UNSa-BCEJYS</controlfield>
  <datafield tag="040" ind1=" " ind2=" ">
    <subfield code="a">AR-UNSa-BCEJYS</subfield>
    <subfield code="b">spa</subfield>
    <subfield code="c">AR-UNSa-BCEJYS</subfield>
  </datafield>
  <datafield tag="080" ind1=" " ind2=" ">
    <subfield code="a">330.834</subfield>
    <subfield code="x">Keynes y el keynesianismo. Neokeynesianismo. Poskeynesianismo</subfield>
  </datafield>
  <datafield tag="245" ind1="1" ind2="0">
    <subfield code="a">New Keynesian Economics</subfield>
  </datafield>
  <datafield tag="020" ind1=" " ind2=" ">
    <subfield code="a">978-0-262-63134-1</subfield>
  </datafield>
  <datafield tag="264" ind1=" " ind2="1">
    <subfield code="a">Cambridge :</subfield>
    <subfield code="b">The MIT Press</subfield>
    <subfield code="c">1991</subfield>
  </datafield>
  <datafield tag="300" ind1=" " ind2=" ">
    <subfield code="a">2 v. (430 ; 450 p.)</subfield>
    <subfield code="c">23 cm.</subfield>
  </datafield>
  <datafield tag="505" ind1=" " ind2=" ">
    <subfield code="a">Vol. 1: I:Costly price adjustment - 1. Small menu costs and large business cycles:A macroeconomic model of monopoly - 2.A near-rational model of the business cycle,with wage and price inertia - 3. Real rigidities and the nonneutrality of money - 4. Menu costs and the neutrality of money - 5. The rigidity of prices - 6. The new keynesian economics and the output-inflation trade-off - II:The staggering of wages and prices - 7. Long-term contracts,rational expectations and the optimal money supply rule - 8. Staggered wage setting in a macro model - 9. Price asynchronization and price-level inertia - 10. Will wage setters ever stagger decisions? - 11. Imperfect infortion and staggered price setting - III:Imperfect competition - 12. A model of imperfect competition with keynesian features - 13. Monopolistic competition and the effects of aggregate demand - 14. Imperfect competition and the keynesian cross - 15. Market strcture and macroeconomic fluctuations -- VOL. 2: IV:Coordination failures - 16. Coordinating coordination failures in keynesian models - 17. A simple rational-expectations Keynes-Type model - 18. Aggegate-dem,and managemente in search equilibrium - 19. Implementation cycles - 20. Self-Fulfilling expectations and fluctuations in aggregate demand - V:The labor market - 21. Efficiency-Wage models of unemployment - 22. Equilibrium unemploymente as a Worker-Discipline device - 23. Efficiency wages and the interindustry wage structure - 24. Implicit contracts and Fixer-Price equilibria - 25. Wage bargaining and employment - 26. Hysteresis in unemployment - VI:The credit market - 27. Credit rationing in markets with imperfect information - 28. The allocation of credit and financial collapse - 29. Nonmonetary effects of the financial crisis in the propagation of the great depression - 30. Credit,money and aggregate demand - VII.The goods market - 31. Inflation:Its mechanics and welfare costs - 32. Price rigidities and market structure - 33. A Supergame-Theoretic model of price wars during booms - 34. The cyclical behavior of marginal cost and price</subfield>
  </datafield>
  <datafield tag="041" ind1=" " ind2=" ">
    <subfield code="a">spa</subfield>
  </datafield>
  <datafield tag="942" ind1=" " ind2=" ">
    <subfield code="c">BK</subfield>
  </datafield>
  <datafield tag="590" ind1=" " ind2=" ">
    <subfield code="a">niveau_biblio:m niveau_hierar:0</subfield>
  </datafield>
  <datafield tag="100" ind1="1" ind2=" ">
    <subfield code="a">Mankiw, N. Gregory</subfield>
  </datafield>
  <datafield tag="700" ind1="1" ind2=" ">
    <subfield code="a">Romer, David</subfield>
  </datafield>
  <datafield tag="999" ind1=" " ind2=" ">
    <subfield code="c">5099</subfield>
    <subfield code="d">5099</subfield>
  </datafield>
  <datafield tag="952" ind1=" " ind2=" ">
    <subfield code="0">0</subfield>
    <subfield code="1">0</subfield>
    <subfield code="4">0</subfield>
    <subfield code="7">0</subfield>
    <subfield code="a">BCEJYS</subfield>
    <subfield code="b">BCEJYS</subfield>
    <subfield code="c">16</subfield>
    <subfield code="d">2026-04-07</subfield>
    <subfield code="l">0</subfield>
    <subfield code="o">330.834 M266 v.1</subfield>
    <subfield code="p">L128521</subfield>
    <subfield code="r">2026-04-07 15:58:05</subfield>
    <subfield code="w">2026-04-07</subfield>
    <subfield code="y">L</subfield>
  </datafield>
  <datafield tag="952" ind1=" " ind2=" ">
    <subfield code="0">0</subfield>
    <subfield code="1">0</subfield>
    <subfield code="4">0</subfield>
    <subfield code="7">0</subfield>
    <subfield code="a">BCEJYS</subfield>
    <subfield code="b">BCEJYS</subfield>
    <subfield code="c">16</subfield>
    <subfield code="d">2026-04-07</subfield>
    <subfield code="l">0</subfield>
    <subfield code="o">330.834 M266 v.2</subfield>
    <subfield code="p">L128522</subfield>
    <subfield code="r">2026-04-07 15:58:05</subfield>
    <subfield code="w">2026-04-07</subfield>
    <subfield code="y">L</subfield>
  </datafield>
</record>
